000 01968nam a22001577a 4500
999 _c528042
_d528042
008 241105b ||||| |||| 00| 0 eng d
100 _aAsikullah, F., Chakma, P. Hossain, S.F.A. and Hussain, K.
_959415
245 _aEvaluating employee motivation and productivity in Bangladesh during the post-pandemic era
260 _aManagement and Labour Studies
300 _a49(3), Aug, 2024: p.456-476
520 _aIn Bangladesh, improving the productivity of ready-made garment (RMG) factory workers has always been an uphill task, and this has assumed greater proportions after the COVID-19 pandemic. The present study explores the effect of welfare facilities and human resource management practices on the motivation and productivity of RMG workers during the pandemic. On the basis of an advanced statistical analysis, the study accepted all hypotheses proposed to highlight the significant impact of human resource management practices and welfare facilities on the motivation and productivity of workers. Both of these factors showed an association with employee productivity through employee motivation, which proved to be a partial mediator. Moreover, the authenticity of the study was supported by the confirmatory factor analysis (CFA) and the structural equation model (SEM), which were represented based on model fit exponents, composite reliability, convergent validity and discriminant validity. The study helps develop an understanding of theoretical and managerial implications, which can assist RMG factory owners, managers, stakeholders and policymakers to motivate workers and improve their productivity.- Reproduced https://journals.sagepub.com/doi/full/10.1177/0258042X231220489#tab-contributors
650 _aEmployee motivation, employee productivity, Partial medication, Human resource management, Welfare faculties, RMG sector, Post-Covid-19.
_948564
773 _aManagement and Labour Studies
906 _aMOTIVATION
942 _cAR